000 00292nam a22001337a 4500
008 170404b xxu||||| |||| 00| 0 eng d
020 _a038514671X
041 _aeng
080 _a574
100 _a9
101 _aSHM
245 _aTHE SELF-SUFFICIENT GARDENER
_cSEYMOUR, J
942 _2udc
_cBK
999 _c9681
_d9681